000
00267nam a2200109Ia 4500
008
200302s9999 xx 000 0 und d
100
_a
Lorraine Farrelly
245
_a
Drawing for Urban Design
260
_b
Laurence King Publishing
260
_c
2011
300
_a
192 P.,
999
_c
5426
_d
5426